| 000 | 00814nam a2200289Ia 4500 | ||
|---|---|---|---|
| 005 | 20260324125237.0 | ||
| 008 | 008 260324s9999 xx 000 0 eng d | ||
| 020 | _a9781003447085 | ||
| 037 | _aEBOOK | ||
| 040 | _aCRL | ||
| 040 | _beng | ||
| 040 | _cCRL | ||
| 041 | _2eng | ||
| 041 | _aeng | ||
| 084 | _qCRL | ||
| 100 |
_aCarla L. Morelon-Quainoo; Rachelle Winkle-Wagner; Mary F. Howard-Hamilton; Susan D. Johnson; Lilia Santiague _91177243 |
||
| 245 | 0 | _aStanding on the Outside Looking In | |
| 245 | 0 | _bUnderrepresented Students' Experiences in Advanced Degree Programs | |
| 260 | _bTaylor and Francis | ||
| 260 | _c2009 | ||
| 365 | _a | ||
| 365 | _b130 | ||
| 856 | _uhttp://www.taylorfrancis.com/books/9781003447085 | ||
| 942 | _cEBOOK | ||
| 999 |
_c1772314 _d1772314 |
||